| 000 | 00692cam a2200205 a 4500 | ||
|---|---|---|---|
| 020 | _a0471055220 (pbk. : alk. paper) | ||
| 040 | _cDLC | ||
| 082 | 0 | 0 | _a808 WIL 1995 A094 Or. |
| 100 | 1 | _aSpratt, Steven D., | |
| 245 | 1 | 0 |
_aNetworking at writer's conferences : _bfrom contacts to contracts / |
| 260 |
_aNew York : _bWiley, _cc1995. |
||
| 300 |
_axii, 179 p. : _bill. ; _c23 cm. |
||
| 650 | 0 | _aAuthorship | |
| 650 | 0 | _aSocial networks. | |
| 700 | 1 | _aSpratt, Lee G., | |
| 856 | 4 | 2 | _uhttp://www.loc.gov/catdir/bios/wiley041/94041639.html |
| 856 | 4 | 2 | _uhttp://www.loc.gov/catdir/description/wiley031/94041639.html |
| 856 | 4 | _uhttp://www.loc.gov/catdir/toc/onix02/94041639.html | |
| 942 | _cEK | ||
| 999 |
_c12912 _d12912 |
||